|
|
|
|
| LEADER |
01057nam a2200289 a 4500 |
| 001 |
5748 |
| 003 |
BD-DhAAL |
| 005 |
20150206120007.0 |
| 008 |
130819s1991 caua b 000 0 eng d |
| 010 |
|
|
|a 90025980
|
| 020 |
|
|
|a 0803932456
|
| 020 |
|
|
|a 0803932464 (pbk.)
|
| 040 |
|
|
|a DLC
|c DLC
|d DLC
|d BD-DhAAL
|
| 050 |
0 |
0 |
|a QA76.9.C65
|b W49 1991
|
| 082 |
0 |
0 |
|a 003/.3
|2 20
|
| 100 |
1 |
|
|a Whicker, Marcia Lynn.
|9 2687
|
| 245 |
1 |
0 |
|a Computer simulation applications :
|b an introduction /
|c Marcia Lynn Whicker, Lee Sigelman.
|
| 260 |
|
|
|a Newbury Park :
|b Sage Publications,
|c c1991.
|
| 300 |
|
|
|a 152 p. :
|b ill. ;
|c 23 cm.
|
| 490 |
|
0 |
|a Applied social research methods series ;
|v v. 25
|
| 504 |
|
|
|a Includes bibliographical references (p. 138-151).
|
| 541 |
|
|
|e 5748
|
| 650 |
|
0 |
|a Computer simulation.
|9 2688
|
| 700 |
1 |
|
|a Sigelman, Lee.
|9 2689
|
| 942 |
|
|
|2 ddc
|c BK
|
| 999 |
|
|
|c 13856
|d 13856
|
| 952 |
|
|
|0 0
|1 0
|2 ddc
|4 0
|6 003_300000000000000_WHI
|7 0
|9 23187
|a BRACUL
|b BRACUL
|c GEN
|d 2013-08-19
|g 0.00
|l 0
|o 003.3 WHI
|p 3010005748
|r 2013-08-19
|t 1
|w 2013-08-19
|y BK
|z Not price in Register
|